| 000 | 00894nam a2200265Ia 4500 | ||
|---|---|---|---|
| 005 | 20211105120323.0 | ||
| 008 | 130821s1991 sp gr spa | ||
| 020 | _a8434415046 (10a. Ed.) | ||
| 040 |
_aCo-BoUCM _bspa _cDeissy Garcia (modificó) _d[Nuevo] |
||
| 041 | 0 | 0 | _aspa |
| 100 |
_aNino, Carlos Santiago _d1943-1993 _942150 |
||
| 245 | 0 | 0 |
_aIntroducción al análisis del derecho _cCarlos Santiago Nino. |
| 250 | _a10a. Ed. | ||
| 260 |
_aBarcelona (España) _bAriel _c2001 |
||
| 300 | _a477 páginas | ||
| 490 | _aAriel Derecho | ||
| 500 | _aCuarta edición de 1991 | ||
| 650 | 0 | 4 |
_aArgumentación jurídica _99342 |
| 650 | 0 | 4 |
_aFilosofía del derecho _915792 |
| 650 | 0 | 4 |
_aInterpretación del derecho _917899 |
| 650 | 0 | 4 |
_aPositivismo jurídico _922108 |
| 650 | 0 | 4 |
_aTeoría del derecho _925308 |
| 942 |
_cLIBRO _a8 _e4 _mN45 _2DEWEY _h340.1 |
||
| 999 |
_c22655 _d22655 |
||